| 000 | 00789nam a2200253 u 4500 | ||
|---|---|---|---|
| 005 | 20240228064104.0 | ||
| 008 | 121024s2007 r 000 0 eng d | ||
| 020 | _a9788498263008 | ||
| 035 | _aUPN01000188021 | ||
| 049 | _aI | ||
| 050 | 4 |
_aPZ74.1 _bT3.6 |
|
| 100 | 1 |
_aTaras, Ewa Anna, _d1985- _932895 |
|
| 245 | 1 | 3 |
_aEl pato dorado = _bZloty kaczka / _cEwa Anna Taras ; il Mauricio Jacome. |
| 260 |
_aBarcelona, Esp. : _bECIR, _c2007. |
||
| 300 |
_a[28] p. : _bil. col. |
||
| 440 | 0 |
_aMulticolor ; _v11. _pPequeños lectores de 6 a 8 años |
|
| 500 | _aEdición bilingüe | ||
| 650 | 4 |
_aLibros y lectura para niños _92290 |
|
| 650 | 4 |
_aLITERATURA INFANTIL POLACA _921452 |
|
| 700 | 1 |
_aJacome, Mauricio, _eil. |
|
| 740 | 0 | _aZloty kaczka | |
| 905 | _aInfantil | ||
| 999 |
_c160124 _d160124 |
||